| 000 | 00825nam a22002537a 4500 | ||
|---|---|---|---|
| 003 | 0 | ||
| 005 | 20180726151806.0 | ||
| 008 | 0 | ||
| 010 | _aB-092551 | ||
| 020 |
_a9788174451965 _c500.00 |
||
| 035 | _aB-092551, B-092552 | ||
| 037 | _bCen Lib/Ret | ||
| 040 |
_aDPL _bEN _c0 |
||
| 082 |
_a306.0895553 _bGHO |
||
| 100 |
_aGhosh, Abhik _972149 |
||
| 245 |
_aHistory and culture of the oraon tribe : _bsome aspects of their social life / _cby Abhik Ghosh |
||
| 260 |
_aNew Delhi _bMohit Publications _c2003 |
||
| 270 |
_a4675/21, Ansari Road, Darya Ganj _bNew Delhi _e110002 |
||
| 300 |
_axi,137p. _c22cm(Hb) |
||
| 500 | _aIncludes bibliographical references and index | ||
| 650 |
_aHistorical Background -- Oraon _972150 |
||
| 650 |
_aSocial life -- Oraon _972151 |
||
| 942 |
_2ddc _cEN _h306.0895553 _mGHO |
||
| 999 |
_c123044 _d123044 |
||